I Could Be Yours by Hozier - Lyric Quiz - Statistics

General Stats
  • This quiz has been taken 15 times
  • The average score is 104 of 130
Answer Stats
Answer % Correct
be
100%
could
100%
I
100%
you
100%
your
100%
yours
100%
a
89%
and
89%
me
89%
the
89%
anything
78%
bedroom
78%
color
78%
don't
78%
ever
78%
hard
78%
hear
78%
I'll
78%
It
78%
it
78%
match
78%
Of
78%
of
78%
scheme
78%
soft
78%
somehow
78%
sweet
78%
walls
78%
Why
78%
all
67%
at
67%
doesn't
67%
dose
67%
found
67%
from
67%
From
67%
home
67%
hurt
67%
If
67%
lost
67%
need
67%
Oh
67%
on
67%
Out
67%
sing
67%
take
67%
tenderness
67%
try
67%
I'd
56%
loud
56%
helpful
44%
thought
44%
You'd
44%
been
33%
benefit
33%
but
33%
God
33%
have
33%
nothing
33%
remember
33%
comes
22%
'cause
11%
Thank
11%
That'd
11%
No matching quizzes found
Score Distribution
Percent of People with Each Score
Percentile by Number Answered
Your Score History
You have not taken this quiz